| 000 | 00548nam a22001697a 4500 | ||
|---|---|---|---|
| 999 |
_c8521 _d8521 |
||
| 008 | 201201b ||||| |||| 00| 0 eng d | ||
| 040 | _aBMS College of Architecture | ||
| 100 | _aKamath, D Darika | ||
| 245 | _aKayarasa - a tourist experience centre for literature | ||
| 300 | _a39p. | ||
| 500 | _a1BM13AT015 | ||
| 502 |
_8B,Arch _NBMA College of Architecture, Visvesvaraya Technology University (VTU) _aProject report _d2017 |
||
| 650 | _aLiterature | ||
| 700 |
_aBhagyalaxmi Madapur _eGuide |
||
| 700 |
_aSwetha Gowri _eGuide |
||
| 942 |
_2ddc _cTHE |
||